Normal view
MARC view
- Allen, Phillip. E:Holberg, Douglas. R
Entry Personal Name
001 - CONTROL NUMBER
- control field: 61871
003 - CONTROL NUMBER IDENTIFIER
- control field: NUST
005 - DATE AND TIME OF LATEST TRANSACTION
- control field: 20210628202832.0
008 - FIXED-LENGTH DATA ELEMENTS
- fixed length control field: 210628|| aca||aabn | a|a d
040 ## - CATALOGING SOURCE
- Original cataloging agency: NUST
- Transcribing agency: NUST
100 ## - HEADING--PERSONAL NAME
- Personal name: Allen, Phillip. E:Holberg, Douglas. R
670 ## - SOURCE DATA FOUND
- Source citation: Work cat.: (NUST): Allen, Phillip. E:Holberg, Douglas. R, Cmos analog circuit design, 2002
